The history of the Kuramoto incident (Record no. 80199)

MARC details
000 -LEADER
campo de control de longitud fija 00583nam a2200169 i 4500
001 - NÚMERO DE CONTROL
campo de control 80199
003 - IDENTIFICADOR DE NÚMERO DE CONTROL
campo de control ES-MaACL
005 - FECHA Y HORA DE LA ÚLTIMA TRANSACCIÓN
campo de control 20230906174147.0
007 - CAMPO FIJO DE DESCRIPCIÓN FÍSICA--INFORMACIÓN GENERAL
campo de control de longitud fija t|
008 - DATOS DE LONGITUD FIJA--INFORMACIÓN GENERAL
campo de control de longitud fija 041026s1934 xxk ||||1| eng d
245 04 - MENCIÓN DEL TÍTULO
Título The history of the Kuramoto incident
Resto del título : being a full account of the mysterious disappearance of a japanese Vice-Consul at Nanking in the summer of 1934.
260 ## - PUBLICACIÓN, DISTRIBUCIÓN, ETC.
Lugar de publicación, distribución, etc. Shanghai :
Nombre del editor, distribuidor, etc. The Comacrib Press,
Fecha de publicación, distribución, etc. [1934]
300 ## - DESCRIPCIÓN FÍSICA
Extensión 73 p., [1] p. de lám. ;
Dimensiones 25 cm.
600 14 - PUNTO DE ACCESO ADICIONAL DE MATERIA--NOMBRE DE PERSONA
Nombre de persona Kuramoto, Eimei.
9 (RLIN) 149312
852 ## - LOCALIZACIÓN
Ubicación ES-MaACL
Número de control de estantería 1797-F-10
852 ## - LOCALIZACIÓN
Ubicación ES-MaACL
Número de control de estantería 1817-F-15
Holdings
Estatus retirado Estado de pérdida Estado de daño No para préstamo Colección Biblioteca de origen Biblioteca actual Ubicación en estantería Fecha de adquisición Fuente de adquisición Total de préstamos Signatura topográfica completa Código de barras Visto por última vez Precio de reemplazo Tipo de ítem Koha
        Colección de folletos Biblioteca del Ateneo de Madrid Biblioteca del Ateneo de Madrid Depósito folletos 17/01/2008     1817-F-15 1083852 23/02/2023 23/02/2023 Folleto
        Colección de folletos Biblioteca del Ateneo de Madrid Biblioteca del Ateneo de Madrid Depósito folletos 17/01/2008     1797-F-10 1083851 23/02/2023 23/02/2023 Folleto